Statistiques concernant Mers d'Europe sur une carte

Cliquez ici pour prendre le quiz!

Statistiques générales

  • Ce quiz a été pris 18 774 fois
  • Le résultat moyen est 9 sur 33

Réponses sur la Carte

Les réponses sont colorées sur une échelle allant du rouge au vert en fonction du pourcentage des utilisateurs qui les ont devinées à leur premier essai. Vous pouvez retrouver ces pourcentages ci-dessous.
 

Statistiques - réponses

Mer% Correct
Mer Méditerranée
95%
Mer du Nord
90%
Mer Noire
90%
Manche
89%
Mer Baltique
75%
Mer Caspienne
62%
Mer Adriatique
61%
Mer Égée
61%
Mer d'Irlande
32%
Mer de Norvège
31%
Mer d'Azov
23%
Mer Ionienne
20%
Mer de Sardaigne
18%
Mer Blanche
17%
Mer de Crète
17%
Mer des Baléares
17%
Mer Tyrrhénienne
16%
Mer de Marmara
15%
Mer du Groenland
15%
Mer de Barents
12%
Mer de Ligurie
11%
Mer Celtique
10%
Mer d'Iroise
10%
Mer de Botnie
8%
Mer Cantabrique
7%
Mer d'Alboran
6%
Mer de Kara
6%
Mer des Hébrides
5%
Mer d'Åland
4%
Mer de Thrace
4%
Mer de Myrto
3%
Mer des Wadden
3%
Mer de Petchora
2%

Distribution des résultats

Percentile par nombre de réponses

% des personnes avec chaque résultat

Votre développement - résultats

Vous n’avez pas pris ce quiz